Statistics for Houses of Westeros

Click here to take the quiz!

General Stats

  • This quiz has been taken 1,125 times
    (1,115 since last reset)
  • The average score is 116 of 449

Answer Stats

Answer% Correct
Stark
98%
Lannett
93%
Lannister of Casterly Rock
93%
Lannister of Darry
93%
Lannister of Lannisport
93%
Lanny
93%
Lantell
93%
Baratheon of Dragonstone
91%
Baratheon of King's Landing
91%
Baratheon of Storm's End
91%
Grey
91%
Martell
89%
Greyjoy
88%
Bolton
87%
Targaryen
87%
Tyrell of Brightwater Keep
86%
Tyrell of Highgarden
86%
Tully
85%
Arryn of Gulltown
84%
Arryn of the Eyrie
84%
Karstark
81%
Mormont
80%
Frey of Riverrun
79%
Frey of the Twins
79%
Tarly
75%
Clegane
72%
Umber
71%
Baelish of Harrenhal
70%
Baelish of the Fingers
70%
Manderly
65%
Reed
64%
Hightower
63%
Tarth
63%
Dayne of High Hermitage
62%
Dayne
61%
Selmy
59%
Glover
58%
Royce of Runestone
56%
Royce of the Gates of the Moon
56%
Velaryon
56%
Redwyne
53%
Bracken
51%
Blackwood
50%
Dondarrion
50%
Seaworth
49%
Florent
48%
Mallister
48%
Flint of Breakstone Hill
47%
Flint of Flint's Finger
47%
Flint of the mountains
47%
Flint of Widow's Watch
47%
Payne
47%
Westerling
47%
Yronwood
47%
Slynt
45%
Slynt of Harrenhal
45%
Thorne
45%
Celtigar
44%
Dustin
44%
Reyne
44%
Cassel
43%
Harlaw of Grey Garden
43%
Harlaw of Harlaw
43%
Harlaw of Harlaw Hall
43%
Harlaw of Harridan Hill
43%
Harlaw of the Tower of Glimmering
43%
Stokeworth
43%
Trant
43%
Blackfyre
42%
Cerwyn
42%
Hornwood
42%
Connington
41%
Gardener
41%
Fossoway of Cider Hall
40%
Fossoway of New Barrel
40%
Strong
40%
Whent
40%
Darry
39%
Oakheart
38%
Ryswell
38%
Poole
37%
Rosby
37%
Bar Emmon
36%
Corbray
36%
Darke
36%
Estermont
36%
Hoare
36%
Blount
35%
Dargood
35%
Darklyn
35%
Darkwood
35%
Piper
35%
Tallhart
35%
Crakehall
34%
Wayn
34%
Beesbury
33%
Casterly
33%
Mooton
33%
Tarbeck
33%
Waynwood
33%
Goodbrother of Corpse Lake
32%
Goodbrother of Crow Spike Keep
32%
Goodbrother of Downdelving
32%
Goodbrother of Hammerhorn
32%
Goodbrother of Orkmont
32%
Goodbrother of Shatterstone
32%
Locke
32%
Merryweather
32%
Swann
32%
Wull
32%
Greystark
31%
Hollard
31%
Marbrand
31%
Moore
31%
Wyl
31%
Botley
30%
Brax
30%
Durrandon
30%
Kettleblack
30%
Marsh
30%
Massey
30%
Rowan
30%
Santagar
30%
Swyft
30%
Uller
30%
Vance of Atranta
30%
Vance of Wayfarer's Rest
30%
Ashford
29%
Greenfield
29%
Norrey
29%
Smallwood
29%
Cole
28%
Drumm
28%
Farwynd of Sealskin Point
28%
Farwynd of the Lonely Light
28%
Forrester
28%
Fowler
28%
Hunt
28%
Lorch
28%
Manwoody
28%
Mudd
28%
Redfort
28%
Sunglass
28%
Allyrion
27%
Blacktyde
27%
Greyiron
27%
Hardy
27%
Liddle
27%
Long
27%
Rykker
27%
Tollett
27%
Caswell
26%
Jordayne
26%
Lothston
26%
Qorgyle
26%
Blackmont
25%
Caron
25%
Crabb
25%
Dalt
25%
Farman
25%
Kenning of Harlaw
25%
Kenning of Kayce
25%
Peake
25%
Amber
24%
Bywater
24%
Egen
24%
Hardyng
24%
Lefford
24%
Magnar
24%
Osgrey of Leafy Lake
24%
Osgrey of Steadfast
24%
Penrose
24%
Toland
24%
Webber
24%
Codd
23%
Fisher
23%
Hunter
23%
Longwaters
23%
Plumm
23%
Saltcliffe
23%
Sunderland
23%
Towers
23%
Whitehill
23%
Belmore
22%
Drinkwater
22%
Harroway
22%
Ambrose
21%
Ashwood
21%
Ball
21%
Banefort
21%
Butterwell
21%
Cargyll
21%
Crane
21%
Cuy
21%
Farring
21%
Fell
21%
Grandison
21%
Qoherys
21%
Spicer
21%
Stout
21%
Sunderly
21%
Thenn
21%
Vaith
21%
Woolfield
21%
Yarwyck
21%
Buckwell
20%
Bulwer
20%
Chelsted
20%
Hayford
20%
Lydden
20%
Mollen
20%
Prester
20%
Shett of Gulltower
20%
Shett of Gulltown
20%
Wells
20%
Appleton
19%
Blackmyre
19%
Boggs
19%
Burley
19%
Costayne
19%
Erenford
19%
Fenn
19%
Frost
19%
Gargalen
19%
Holt
19%
Ironmaker
19%
Lake
19%
Ryger
19%
Sparr
19%
Stonehouse
19%
Strickland
19%
Volmark
19%
Waxley
19%
Wylde
19%
Wynch
19%
Byrch
18%
Chyttering
18%
Gaunt
18%
Grafton
18%
Hetherspoon
18%
Ironsmith
18%
Jast
18%
Justman
18%
Serrett
18%
Stonetree
18%
Templeton
18%
Borrell
17%
Branch
17%
Cafferen
17%
Coldwater
17%
Foote
17%
Foote of Nightsong
17%
Greenwood
17%
Merlyn
17%
Morrigen
17%
Orkwood
17%
Sarsfield
17%
Stane
17%
Toyne
17%
Wendwater
17%
Woods
17%
Blackberry
16%
Bole
16%
Broom
16%
Greengood
16%
Haigh
16%
Harclay
16%
Harte
16%
Hasty
16%
Hewett
16%
Horpe
16%
Hull
16%
Ladybright
16%
Lightfoot
16%
Lychester
16%
Myre
16%
Shell
16%
Stackspear
16%
Upcliff
16%
Brune of the Dyre Den
15%
Chester
15%
Cressey
15%
Errol
15%
Grell
15%
Knott
15%
Lonmouth
15%
Lynderly
15%
Moss
15%
Paege
15%
Peasebury
15%
Peckledon
15%
Quagg
15%
Shepherd
15%
Slate
15%
Tawney
15%
Teague
15%
Turnberry
15%
Vypren
15%
Waterman
15%
Wode
15%
Algood
14%
Blackbar
14%
Blanetree
14%
Briar
14%
Brune of Brownhollow
14%
Buckler
14%
Crowl
14%
Dryland
14%
Follard
14%
Goodbrook
14%
Grimm
14%
Humble
14%
Manning
14%
Meadows
14%
Mertyns
14%
Musgood
14%
Redbeard
14%
Serry
14%
Staedmon
14%
Staunton
14%
Vikary
14%
Yew
14%
Brook
13%
Brownhill
13%
Cave
13%
Condon
13%
Estren
13%
Graceford
13%
Lipps
13%
Melcolm
13%
Norcross
13%
Overton
13%
Pyle
13%
Pyne
13%
Wade
13%
Woodfoot
13%
Wythers
13%
Breakstone
12%
Brightstone
12%
Charlton
12%
Cox
12%
Doggett
12%
Hersy
12%
Mallery
12%
Mullendore
12%
Rollingford
12%
Ruttiger
12%
Ryder
12%
Sharp
12%
Varner
12%
Bushy
11%
Edgerton
11%
Footly
11%
Glenmore
11%
Keath
11%
Lolliston
11%
Moreland
11%
Pryor
11%
Rambton
11%
Sarwyck
11%
Bolling
10%
Bridges
10%
Chambers
10%
Cray
10%
Deddings
10%
Drox
10%
Heddle
10%
Myatt
10%
Peat
10%
Rogers
10%
Ruthermont
10%
Vyrwel
10%
Westbrook
10%
Cockshaw
9%
Cordwayner
9%
Donniger
9%
Elesham
9%
Garner
9%
Hogg
9%
Inchfield
9%
Langward
9%
Netley
9%
Nutt
9%
Oldflowers
9%
Parren
9%
Roote
9%
Stackhouse
9%
Sweet
9%
Wagstaff
9%
Westford
9%
Bigglestone
8%
Branfield
8%
Clifton
8%
Dunn
8%
Falwell
8%
Harlton
8%
Hawthorne
8%
Hook
8%
Longthorpe
8%
Roxton
8%
Shawney
8%
Torrent
8%
Weaver
8%
Wydman
8%
Bettley
7%
Durwell
7%
Ferren
7%
Hamell
7%
Hastwyck
7%
Kellington
7%
Kyndall
7%
Leygood
7%
Sloane
7%
Tudbury
7%
Uffering
7%
Willum
7%
Conklyn
6%
Gower
6%
Graves
6%
Hawick
6%
Pommingham
6%
Rhysling
6%
Swygert
6%
Terrick
6%
Wengington
6%
Woodwright
6%
Yelshire
6%
Herston
5%
Hutcheson
5%
Nayland
5%
Norridge
5%
Orme
5%
Redding
5%
Risley
5%
Kidwell
4%
Lowther
4%
Lyberr
4%
Middlebury
4%
Perryn
4%
Shermer
4%

Score Distribution

Percentile by Number Answered

Percent of People with Each Score

Your Score History

You have not taken this quiz since the last reset